000
00299nam a22001217a 4500
008
180922b xxu||||| |||| 00| 0 eng d
041
_a
eng
080
_a
618
100
_a
10
101
_a
GJIN
245
_a
Evaluating and Treating Obstetric & Gynecologic Infections
_c
Gibbs, R.S
942
_2
udc
_c
BK
999
_c
48237
_d
48237